Zeitschrift von und für Ungern, zur Beförderung der vaterländischen Geschichte, Erdkunde und Literatur

Bibliographic Details
Other Authors: Packo, František Jozef, narodený asi 1755 (Printer), Schedius, Lajos, 1768-1847 (Editor)
Format: Journal
Language:German
PhysicalDescription:22 cm
Subjects:

MARC

LEADER 00000nas a2200000 4500
001 vtls012277824
003 SK-MaSNL
005 20260228163911.0
008 250610d18021804hu mr p 000 b0ger
015 |a SNBHFB 
040 |a SNKHF  |b slo  |c SNKHF  |e rda 
041 0 |a ger 
043 |a e-hu--- 
044 |a hu  |c HU 
072 7 |a 93/94  |x Dejiny (všeobecne)  |2 konspekt 
072 7 |a 91  |x Geografia ako veda. Výskum. Cestovanie  |2 konspekt 
072 7 |a 82  |x Literatúra. Literárny život  |2 konspekt 
080 |a (051)-048.55  |2 2011 
080 |a (439)  |2 2011 
080 |a 93/94  |2 2011 
080 |a 91  |2 2011 
080 |a 82  |2 2011 
245 0 0 |a Zeitschrift von und für Ungern, zur Beförderung der vaterländischen Geschichte, Erdkunde und Literatur 
264 3 |a Pesth  |b bey Franz Joseph Patzko  |c 1802-[1804] 
300 |a 22 cm 
310 |a 1x mesačne  |b 1803- 
321 |a 6x ročne 
336 |a text  |b txt  |2 rdacontent 
337 |a bez média  |b n  |2 rdamedia 
338 |a zväzok  |b nc  |2 rdacarrierr 
362 0 |a Rok 1802-[rok 1804]  |z ZDB/2025 
500 |a Editor: Ludvig v. Schedius 
546 |a Nemčina  |b Fraktúra 
561 |a Proveniencia: pečiatka Dr. E. Kadarász - ver. not. poz. Margity Zayovej Čís. 11303-11308.  |5 SNK ČC 4461/1802 
561 |a Proveniencia: pečiatka Dr. E. Kadarász - ver. not. poz. Margity Zayovej Čís. 11309-11320.  |5 SNK ČC 4461/1803 
650 0 7 |a dejiny  |2 SNKPH  |9 3825 
650 0 7 |a geografia  |2 SNKPH  |9 823 
650 0 7 |a literatúra  |2 SNKPH  |9 1427 
651 7 |a Maďarsko  |2 SNKPHgeo  |9 16754 
655 7 |a špecializované časopisy  |2 SNKPH  |9 70509 
700 1 |a Packo, František Jozef,  |d narodený asi 1755  |4 prt  |9 215147 
700 1 |a Schedius, Lajos,  |d 1768-1847  |4 edt  |9 274926 
752 |a Maďarsko  |d Budapešť 
852 |a snk  |b Zaiova knižnica: Zay 10996-11001  |p ČC 4461/1802 
852 |a snk  |b Zaiova knižnica: Zay 11002-11013  |p ČC 4461/1803 
958 |a DF 
999 |c 11202  |d 13132 
952 |0 0  |1 0  |4 0  |7 0  |8 5  |a SNK  |b SNK  |c SNK_HF  |d 2025-06-10  |i snk2025/9135  |l 0  |o snkČC 4461/1802  |p 17A1489842  |r 2026-02-21 22:34:54  |t Zay 10996-11001  |w 2026-02-21  |y PREZ 
952 |0 0  |1 0  |4 0  |7 0  |8 5  |a SNK  |b SNK  |c SNK_HF  |d 2025-06-10  |i snk2025/9137  |l 0  |o snkČC 4461/1803  |p 17A1489843  |r 2026-02-21 22:34:54  |t Zay 11002-11013  |w 2026-02-21  |y PREZ